Mossos d'Esquadra : història i present història i present
ISBN:
84-393-6885-2
Descripción Física:
278 p. : il. col. ; 29 cm
MARC
| LEADER | 00000nam a2200000Ia 4500 | ||
|---|---|---|---|
| 001 | 17868 | ||
| 008 | 160829s2005 xx 000 0 cat d | ||
| 020 | |a 84-393-6885-2 | ||
| 080 | |a M-5-227 | ||
| 245 | |a Mossos d'Esquadra : |b història i present | ||
| 260 | |a Barcelona : |b Generalitat de Catalunya. Departament d'Interior, |c 2005 | ||
| 300 | |a 278 p. : |b il. col. ; |c 29 cm | ||
| 590 | |a Fotografies del fons de l'Arxiu Històric de la Diputació de Barcelona | ||
| 610 | 0 | |a Catalunya. |b Mossos d'Esquadra |x Història |9 54629 | |
| 650 | |a Policia |x Catalunya |x Història |9 25761 | ||
| 710 | 1 | |a Arxiu General de la Diputació de Barcelona |9 52704 | |
| 710 | 1 | |a Catalunya. |b Generalitat |9 12125 | |
| 901 | |a Arxiu | ||
| 942 | |n 1 | ||
| 952 | |0 0 |1 0 |4 0 |6 M5227 |7 1 |9 43788 |a Arxiu |b Arxiu |d 2016-12-01 |l 0 |o M-5-227 |p 17868 |r 2016-12-01 00:00:00 |w 2016-12-01 |y ARXIU | ||
| 999 | |c 46336 |d 46336 | ||